| Tag |
First Indicator |
Second Indicator |
Subfields |
| LEADER |
00000cam a2200000 4500 |
| 001 |
in00000097411 |
| 005 |
20150925114851.0 |
| 008 |
800402s1942 nyua 00010 eng d |
| 010 |
|
|
|a 42019327
|
| 035 |
|
|
|a (OCoLC)06157981
|
| 035 |
|
|
|9 AAL2869AM
|
| 040 |
|
|
|a TXA
|c TXA
|d UtOrBLW
|
| 049 |
|
|
|a TXAM
|c 1 [374706]
|c 2 [664626]
|
| 090 |
|
|
|a TK6553
|b .B64
|
| 100 |
1 |
|
|a Brainerd, John Grist,
|d 1904-
|
| 245 |
1 |
0 |
|a Ultra-high-frequency techniques /
|c by J. G. Brainerd [and others].
|
| 264 |
|
1 |
|a New York :
|b D. Van Nostrand,
|c [1942]
|
| 300 |
|
|
|a xi, 570 pages :
|b illustrations, tables, diagrams
|
| 336 |
|
|
|a text
|b txt
|2 rdacontent
|
| 337 |
|
|
|a unmediated
|b n
|2 rdamedia
|
| 338 |
|
|
|a volume
|b nc
|2 rdacarrier
|
| 650 |
|
0 |
|a Radio.
|
| 650 |
|
0 |
|a Oscillators, Electric.
|
| 650 |
|
0 |
|a Electric waves.
|
| 999 |
|
|
|a MARS
|
| 999 |
f |
f |
|s 6bcb31cd-c190-33bd-847c-05a3ba597a11
|i ed97fb42-c40f-36d5-b57f-8d54aab582ce
|t 0
|
| 952 |
f |
f |
|p ric
|a Texas A&M University
|b Rellis Campus
|c Joint Library Facility
|s JLF
|d Remote Storage
|t 0
|e TK6553 .B64
|h Library of Congress classification
|i unmediated -- volume
|m A14805486062
|
| 998 |
f |
f |
|a TK6553 .B64
|t 0
|l Remote Storage
|